| 000 | 00491nam a2200169 i 4500 | ||
|---|---|---|---|
| 001 | 37216 | ||
| 003 | ES-MaACL | ||
| 005 | 20230906155527.0 | ||
| 007 | t| | ||
| 008 | 030220s1959 sp ||||1| spa d | ||
| 100 | 1 |
_aBuck, Pearl S. ( _d1892-1973) _932316 |
|
| 245 | 1 | 3 |
_aLa promesa / _cPearl S. Buck ; versión de A. Gallart. |
| 260 |
_a[Barcelona] : _bCisne, _c[1959] ( _fP. Hermanos) |
||
| 300 |
_a287 p. ; _c18 cm. |
||
| 700 | 1 |
_aGallart, A. _953503 |
|
| 852 |
_aES-MaACL _jC-16827 _bR.43975 |
||
| 999 |
_c37216 _d37216 |
||